000 00430cam a2200181ua 4500
020 _c4.00
041 _ahin
_h
082 _a891.43
_bSOO/BE
100 _aSoorya, Tripadi Nirala.
245 _aBela /
_cSoorya tripadi nirala.
_hTextual Documents
250 _a1 /
_b.
260 _aPrayag :
_bNirupama prakashan ,
_c1943.
300 _a111 ; .
365 _a4.00
504 _a
942 _cBK
999 _c12169
_d12169